Modern methods of construction (Record no. 116283)

MARC details
000 -LEADER
fixed length control field 01193cam a22002415a 4500
001 - CONTROL NUMBER
control field L160229
008 - FIXED-LENGTH DATA ELEMENTS--GENERAL INFORMATION
fixed length control field 190509s2018 xxk f 000 0 eng d
035 ## - SYSTEM CONTROL NUMBER
System control number (Sirsi) u160229
041 0# - LANGUAGE CODE
Language code of text/sound track or separate title eng
100 1# - MAIN ENTRY--PERSONAL NAME
Personal name Davies, Alex
245 00 - TITLE STATEMENT
Title Modern methods of construction
Remainder of title A forward-thinking solution to the housing crisis?
Medium [electronic resource]
260 ## - PUBLICATION, DISTRIBUTION, ETC.
Place of publication, distribution, etc. London
Date of publication, distribution, etc. RICS
Name of publisher, distributor, etc. 2018
520 ## - SUMMARY, ETC.
Summary, etc. This paper explores some of the potential issues and opportunities that Modern methods of construction (MMC) offers. By examining a series of case studies where BOPAS-accredited MMC variants have been deployed sxamines looks at the pros and cons of Buildoffsite Property Assurance Scheme MMC technologies including timber frame and modular construction.
590 ## - LOCAL NOTE (RLIN)
Local note NTK
650 24 - SUBJECT ADDED ENTRY--TOPICAL TERM
Topical term or geographic name entry element MODULAR CONSTRUCTION
650 24 - SUBJECT ADDED ENTRY--TOPICAL TERM
Topical term or geographic name entry element BUILD-TO-RENT
651 #4 - SUBJECT ADDED ENTRY--GEOGRAPHIC NAME
Geographic name United Kingdom
690 ## - LOCAL SUBJECT ADDED ENTRY--TOPICAL TERM (OCLC, RLIN)
Topical term or geographic name as entry element Residential property
9 (RLIN) 6266
700 1# - ADDED ENTRY--PERSONAL NAME
Personal name Bagust, Paul
700 1# - ADDED ENTRY--PERSONAL NAME
Personal name Basquill, Mike
856 40 - ELECTRONIC LOCATION AND ACCESS
Uniform Resource Identifier <a href="https://web.archive.org/web/20201205224750/https://www.rics.org/globalassets/rics-website/media/news/news--opinion/modern-methods-of-construction-paper-rics.pdf">https://web.archive.org/web/20201205224750/https://www.rics.org/globalassets/rics-website/media/news/news--opinion/modern-methods-of-construction-paper-rics.pdf</a>
Public note Available from the web archive
942 ## - ADDED ENTRY ELEMENTS (KOHA)
Suppress in OPAC 0
Source of classification or shelving scheme Dewey Decimal Classification
Holdings
Withdrawn status Lost status Source of classification or shelving scheme Damaged status Not for loan Home library Current library Shelving location Date acquired Total Checkouts Full call number Date last seen Copy number Price effective from Koha item type
    Dewey Decimal Classification     Virtual Virtual Online 09/05/2019   ONLINE PUBLICATION 31/12/2024 1 06/08/2019 Online material